Psychiatric mental health nursing : concepts of care in evidence-based practice. / (Record no. 9587)

MARC details
000 -LEADER
fixed length control field 02047cam a2200301 i 4500
001 - CONTROL NUMBER
control field 18202013
003 - CONTROL NUMBER IDENTIFIER
control field OSt
005 - DATE AND TIME OF LATEST TRANSACTION
control field 20230503141342.0
008 - FIXED-LENGTH DATA ELEMENTS--GENERAL INFORMATION
fixed length control field 140626s2015 paua b 001 0 eng
010 ## - LIBRARY OF CONGRESS CONTROL NUMBER
LC control number 2014944300
020 ## - INTERNATIONAL STANDARD BOOK NUMBER
International Standard Book Number 9780803627673 (hbk)
040 ## - CATALOGING SOURCE
Original cataloging agency DLC
Language of cataloging eng
Transcribing agency LC
Description conventions rda
042 ## - AUTHENTICATION CODE
Authentication code pcc
050 00 - LIBRARY OF CONGRESS CALL NUMBER
Classification number RC440.T69
082 00 - DEWEY DECIMAL CLASSIFICATION NUMBER
Classification number 616.89/0231
Edition number 23
100 1# - MAIN ENTRY--PERSONAL NAME
Personal name Townsend, Mary C.,
9 (RLIN) 1403
245 10 - TITLE STATEMENT
Title Psychiatric mental health nursing : concepts of care in evidence-based practice. /
Statement of responsibility, etc. Mary C. Townsend.
250 ## - EDITION STATEMENT
Edition statement 7th ed.
264 #1 - PRODUCTION, PUBLICATION, DISTRIBUTION, MANUFACTURE, AND COPYRIGHT NOTICE
Place of production, publication, distribution, manufacture Philadelphia:
Name of producer, publisher, distributor, manufacturer F.A. Davis Company,
Date of production, publication, distribution, manufacture, or copyright notice 2012.
300 ## - PHYSICAL DESCRIPTION
Extent xxviii, 1065 p. :
Other physical details color illustrations ;
Dimensions 30 cm
336 ## - CONTENT TYPE
Content type term text
Content type code txt
Source rdacontent
337 ## - MEDIA TYPE
Media type term unmediated
Media type code n
Source rdamedia
338 ## - CARRIER TYPE
Carrier type term volume
Carrier type code nc
Source rdacarrier
504 ## - BIBLIOGRAPHY, ETC. NOTE
Bibliography, etc. note Includes bibliographical references and index.
505 ## - FORMATTED CONTENTS NOTE
Formatted contents note Contents: The concept of stress adaptation -- Mental health/mental illness -- Theoretical models of personality development -- Concepts of psychobiology -- Ethical and legal issues in psychiatric/mental health nursing -- Cultural and spiritual concepts relevant to psychiatric/mental health nursing -- Relationship development -- Therapeutic communication - The nursing process in psychiatric/mental health nursing -- Therapeutic groups -- Intervention with families -- Miliue therapy -- Crisis intervention -- Relaxation therapy -- Assertiveness training -- Promoting self-esteem -- Anger/Aggression management -- The suicidal client -- Behavior therapy -- Cognitive therapy -- Electroconvulsive therapy -- Complementary therapies -- Delirium, dementia and amnestic disorders -- Substance-related disorders -- Schizophrenia and other psychotic disorders -- Mood disorders -- Anxiety disorders -- Somatoform and disociative disorders -- Eating disorders -- Adjustment and impulse control disorders -- Personality disorders -- The aging individual -- Victims of abuse and neglect -- Forensic nursing -- The bereaved individual --
650 #0 - SUBJECT ADDED ENTRY--TOPICAL TERM
Topical term or geographic name entry element Psychiatric nursing.
9 (RLIN) 381
942 ## - ADDED ENTRY ELEMENTS (KOHA)
Source of classification or shelving scheme Library of Congress Classification
Koha item type Books
Holdings
Withdrawn status Lost status Source of classification or shelving scheme Damaged status Not for loan Home library Current library Shelving location Date acquired Full call number Barcode Date last seen Price effective from Koha item type
    Library of Congress Classification     WISCONSIN INTERNATIONAL UNIVERSITY COLLEGE, GHANA KUMASI LIBRARY WISCONSIN INTERNATIONAL UNIVERSITY COLLEGE, GHANA KUMASI LIBRARY nursing 09/02/2023 RC440.T69(7e) KSN/1187/134/23 03/05/2023 03/05/2023 Books

If you have any concerns or questions; kindly contact the library


© Powered by WIUC ICT DIRECTORATE